000 00691cab a2200229 4500
001 WB3046-28
008 090401t1994 xxu||||| |||| 00| 0 eng d
035 _a(Sirsi) u23527
041 _aeng
245 _aBelgravia boosts Westminster
260 _c1994
350 _a0
490 _aSunday Telegraph
_v4 December 1994, 4(2)
520 _aReports on the activities of Grosvenor Estate including redevelopment of Grosvenor Crescent Mews in Belgravia.
650 _aDUKE OF WESTMINSTER
650 _aGROSVENOR ESTATES
650 _aLANDED ESTATES
650 _aMARLIN LAND
690 _aMANAGEMENT-BUSINESS MANAGEMENT-PROFESSIONAL PRACTICE
942 _n0
948 _c04/03/1997
999 _c15724
_d15724